000 00569nam a2200181Ia 4500
003 GCL
008 140319s9999 xx 000 0 ara d
040 _aGCL /
_cGCL
082 0 4 _aق
_b932
_bا ت
100 1 _aاحمد ارحيم هبو
245 1 0 _aتاريخ الشرق القديم : مصر (الجزء الثالث) /
_cاحمد ارحيم هبو
300 _a280 ص
490 _aالهيئة العامة للاستعلامات
_v0
650 0 4 _aمصر الفرعونية
650 0 4 _aالهكسوس
650 0 4 _aعصر الاسرات
942 _2ddc
_cBK
999 _c48121
_d48121